000 00851cab a2200277 4500
001 ABS55474
008 090401t1996 xxu||||| |||| 00| 0 eng d
035 _a(Sirsi) u16768
041 _aeng
100 _aStranks, J.
245 _aRisk assessment
260 _c1996
350 _a0
490 _aEnvironmental Policy and Practice
_v6(1) June 1996, 21-25(5)
520 _aOutlines regulations requiring employers to undertake risk assessments.
650 _aAPPROVED CODE OF PRACTICE
650 _aCONSTRUCTION (DESIGN AND MANAGEMENT) REGULATIONS 1994
650 _aCOSHH REGUALTIONS
650 _aHEALTH AND SAFETY AT WORK ETC ACT 1974
650 _aHEALTH AND SAFETY
_96244
650 _aRISK ASSESSMENT
650 _aWORKPLACE MANAGEMENT
690 _aBUILT ENVIRONMENT-BUILDING STANDARDS
942 _n0
948 _c04/03/1997
999 _c11088
_d11088